LEADER 01433nam a2200253 u 4500 001 000000016905 003 CaOOAMICUS 005 20070226110039.0 008 941216s1889 gw f u000 u ger u 035 $a10395808 040 $aIPA$bita 100 1 $aKoetschau, Paul,$d1857-$0(OLS)http://pul/name/15314 245 14$aDie Textüberlieferung der Bücher des Origenes Gegen Celsus in den Handschriften dieses Werkes und der Philokalia :$bProlegomena zu einer kritischen Ausgabe /$cvon Paul Koetschau. 260 $aLeipzig :$bJ.C. Hinrichs,$c1889. 300 $avi, 157 p., 1 c. pieg. :$bdiagr. ;$c23 cm 490 1 $aTexte und Untersuchungen zur Geschichte der altchristlichen Literatur ;$vBd. 6, Hft. 1 600 04$aOrigenes,$d184-253.$tContra Celsum.$0(OLS)http://pul/subject/8989 830 0$aTexte und Untersuchungen zur Geschichte der altchristlichen Literatur ;$vBd. 6, Hft. 1.$0(OLS)http://pul/title/1074 850 $aPUL 852 $aPUL$W1$xDP1 Antico 800$y27$m24 I 6(int.1)$j23805$nBK-PRI$b $qStampati Antico$B23805$CPULBib$Z2$F23805 $H $81 941 1 $a15 961 $aINV: Legato con altri tre volumi. 996 $6245$aDie Textüberlieferung der Bücher des Origenes Gegen Celsus in den Handschriften dieses Werkes und der Philokalia :$bProlegomena zu einer kritischen Ausgabe$9(OLS)http://pul/title/24161 996 $6260$aLeipzig :$bJ.C. Hinrichs$9(OLS)http://pul/publisher/48175 LEADER 01401nam a2200313 a 4500 001 000000132295 003 CaOOAMICUS 005 20130111110334.0 008 130111s2012 it u001 u ita r 020 $a978-88-6512-143-6 040 $aPUL$bita 082 04$a262.9 100 1 $aPagan, Angelo.$0(OLS)http://pul/name/85207 245 10$aConferenze episcopali :$bi lavori del coetus <> (1966-1983) /$cAngelo Pagan. 260 $aVenezia :$bMarcianum Press,$c©2012. 300 $a434 p. ;$c22 cm. 490 1 $aFacoltà di diritto canonico San Pio X. Monografie ;$v10 504 $aBibliografia: p. 423-434. 650 4$aConferenze episcopali.$0(OLS)http://pul/subject/20443 830 0$aMonografie (Marcianum Press) ;$v10.$0(OLS)http://pul/title/119473 850 $aPUL 852 $aPUL$W1$xSL Diritto Canonico 3$y77$m262. 9 DCPIOX 4.10$j152248$qDDC 21$B151601$CPULBib$Z2$F151601 $H121388 $82 941 1 $a9 983 0$aMonografie (Facoltà di diritto canonico San Pio X, Venezia) 996 $6020$a978-88-6512-143-6$9(OLS)http://pul/number/151468 996 $6082$a262.9$9(OLS)http://pul/classification/369 996 $6245$aConferenze episcopali :$bi lavori del coetus <> (1966-1983)$9(OLS)http://pul/title/167126 996 $6260$aVenezia :$bMarcianum Press$9(OLS)http://pul/publisher/79046